スマホゲームのアイコンクイズ - Statistics

General Stats
  • This quiz has been taken 1,101 times
  • The average score is 16 of 24
Answer Stats
Picture Answer % Correct
Minecraft
99%
Pokémon GO
95%
LINE:ディズニー ツムツム
94%
モンスターストライク
87%
パズル&ドラゴンズ
85%
にゃんこ大戦争
85%
青鬼
85%
Pokémon TCG Pocket(ポケポケ)
82%
ウマ娘 プリティーダービー
81%
プロ野球スピリッツA
81%
Among Us
81%
プロジェクトセカイ カラフルステージ! feat. 初音ミク
77%
原神
74%
荒野行動
69%
おさわり探偵 なめこ栽培キット
61%
ブルーアーカイブ
57%
Roblox
52%
ママにゲーム隠された
51%
あんさんぶるスターズ!!Music
46%
Angry Birds
37%
Candy Crush
34%
Temple Run
23%
クラッシュ・オブ・クラン
22%
ヘイ・デイ(Hay Day)
10%
No matching quizzes found
Score Distribution
Percent of People with Each Score
Percentile by Number Answered
Your Score History
You have not taken this quiz